01579nam a2200385 a 450000500170000000800410001702000150005804100080007309200220008124500930010325000110019626000420020730000160024950001380026565300440040365300490044765300370049665300430053365300270057665300410060365300310064465300180067565300290069365300340072270000290075670000270078570000370081270000250084970000300087470000290090470000370093394200120097099900150098295201960099720240325131452.0100916t1999||||ag a f |||| 001 0 spa d a9509539384 aspa c616.0757l16sDIA aDiagnóstico por imágenes para alumnos y médicos residentes / cFrancisco A. Eleta a1a ed. aBuenos Aires: bTemis Lostalo;c1999. a180 p.bil. aEleta, F. A. et al. (1999). Diagnóstico por imágenes para alumnos y médicos residentes. (1a ed.). Buenos Aires : Temis Lostalo. aMetodos de diagnóstico por imágenes aSistema respiratorio, diafragma y mediastino aCorazón y sistema circulatorio aAbdomen en general y sistema digestivo aSistema genitourinario aSistema ginecológico y obstetricia aSistema musculoesqueletico aCabeza ósea aSistema nervioso central aRadiología intervencionista1 aEleta, Francisco A.98021 aVelán, Osvaldo.98031 aSan Román, José Luís.98041 aBlejman, Oscar.98051 aRasumoff, Alejandro914761 aFarías, Patricia914741 aGarcía Mónaco, Ricardo91477 2ddccBK c2248d2248 00102ddc4070aBFMbBFMcCRd2016-03-23eDonación Dr. G. Zenon Beguelin marzo 2016l0o616.0757 16 DIAp3647r2016-03-23tEj.1w2016-03-23yBKzDonación Dr. G. Zenon Beguelin marzo 2016